International Financial Reporting Standards 2016 Part A (Record no. 115779)

MARC details
000 -LEADER
fixed length control field 01008cam a22002415a 4500
001 - CONTROL NUMBER
control field L159280
008 - FIXED-LENGTH DATA ELEMENTS--GENERAL INFORMATION
fixed length control field 160425s2016 xxk f 000 0 eng d
020 ## - INTERNATIONAL STANDARD BOOK NUMBER
International Standard Book Number 9781911040156
035 ## - SYSTEM CONTROL NUMBER
System control number (Sirsi) u159280
041 0# - LANGUAGE CODE
Language code of text/sound track or separate title eng
050 04 - LIBRARY OF CONGRESS CALL NUMBER
Classification number 657.3 ISA
110 2# - MAIN ENTRY--CORPORATE NAME
Corporate name or jurisdiction name as entry element International Accounting Standards Board
9 (RLIN) 4097
240 ## - UNIFORM TITLE
Uniform title IFRS Standards 2016
245 00 - TITLE STATEMENT
Title International Financial Reporting Standards 2016 Part A
Remainder of title the conceptual framework and requirements
260 ## - PUBLICATION, DISTRIBUTION, ETC.
Place of publication, distribution, etc. London
Name of publisher, distributor, etc. IASB
Date of publication, distribution, etc. 2016
520 ## - SUMMARY, ETC.
Summary, etc. Part A includes the conceptual framework for financial reporting, the preface and and consolidated text of the IFRS Standards including IAS standards and interpretations as at 16 January 2016. Includes new IFRS 16 Leases which provides a single lessee accounting model for leases with a term of more than 12 months.
590 ## - LOCAL NOTE (RLIN)
Local note KA
650 24 - SUBJECT ADDED ENTRY--TOPICAL TERM
Topical term or geographic name entry element IFRS 16
650 24 - SUBJECT ADDED ENTRY--TOPICAL TERM
Topical term or geographic name entry element INTERNATIONAL FINANCIAL REPORTING STANDARDS
651 #4 - SUBJECT ADDED ENTRY--GEOGRAPHIC NAME
Geographic name International
690 ## - LOCAL SUBJECT ADDED ENTRY--TOPICAL TERM (OCLC, RLIN)
Topical term or geographic name as entry element Finance and taxation
942 ## - ADDED ENTRY ELEMENTS (KOHA)
Suppress in OPAC 0
Holdings
Withdrawn status Lost status Source of classification or shelving scheme Damaged status Not for loan Home library Current library Shelving location Date acquired Total Checkouts Full call number Barcode Date last seen Copy number Price effective from Koha item type
    Dewey Decimal Classification     London London Basement 25/04/2016   BASEMENT 61 30078991 06/08/2019 1 06/08/2019 Book